| 000 | 00633nam a22001817a 4500 | ||
|---|---|---|---|
| 003 | OSt | ||
| 005 | 20251127103051.0 | ||
| 008 | 251127b |||||||| |||| 00| 0 eng d | ||
| 020 | _a978-971-94535-4-3 | ||
| 040 |
_aDWCL - Main _cOC |
||
| 082 | _aSC 920 S191g 2018 | ||
| 100 | _aSamonte, Mauro G. | ||
| 245 |
_aMandirigma : _bGeneral Alexander Ferrer Balutan in wartime and in peace / _cMauro G. Samonte |
||
| 260 |
_aIntramuros, Manila, Philippines: _bThe Manila Times Publishing Corporation, _cc2018. |
||
| 300 |
_axii, _bcolored illustrations; _c21 cm. |
||
| 504 | _aIncludes bibliographical references. | ||
| 942 |
_2ddc _cSC _kSC _n0 |
||
| 999 |
_c6438 _d6438 |
||